Loading...
| Science - Chemistry | 2 | 3 | 4 | 0 | 40 | 23 | 69.20 | 1 | 2 | 0.00 | 0.00 |
| Science - Physics | 1 | 1 | 1 | 1 | 20 | 57 | 98.50 | 0 | 1 | 0.00 | 0.00 |
| Science - Other | 0 | 2 | 0 | 0 | 20 | 85 | 92.00 | 0 | 0 | 0.00 | 0.00 |
| Current Events | 1 | 0 | 0 | 0 | 15 | 34 | 34.00 | 1 | 1 | 0.00 | 0.00 |
| Religion | 0 | 1 | 0 | 0 | 10 | 120 | 120.00 | 0 | 1 | 0.00 | 0.00 |
| Social Science | 0 | 1 | 0 | 0 | 10 | 114 | 114.00 | 0 | 0 | 0.00 | 0.00 |
| Fine Arts - Visual | 0 | 1 | 0 | 0 | 10 | 94 | 94.00 | 1 | 1 | 0.00 | 0.00 |
| History - Other | 0 | 1 | 0 | 0 | 10 | 89 | 89.00 | 0 | 0 | 0.00 | 0.00 |
| Pop Culture | 0 | 1 | 0 | 1 | 10 | 132 | 132.00 | 0 | 0 | 0.00 | 0.00 |
| Science - Biology | 0 | 1 | 3 | 0 | -5 | 87 | 87.00 | 0 | 0 | 0.00 | 0.00 |
| Philosophy | 0 | 0 | 2 | 0 | -10 | 0.00 | 0 | 0 | 0.00 | 0.00 |